000 01506nac a22002777a 4500
003 Co-PeBPM
005 20240830152305.0
007 ta
008 240830s2023 ck a|||| |||| 00| 0 spa d
020 _a9789587535372
040 _aCo-PeBPM
_bspa
_cCo-PeBPM
_erda
082 0 4 _a(i) Co863 C965c
_222
245 1 0 _aMás cuentos y relatos del folclor afrocolombiano
_c/ Ilustrado por Cinthya Espitia
250 _aEdición especial
260 _aBogotá, Colombia
_b: Ministerio de Cultura,
_c2023
300 _a31 páginas
_bilustraciones a color
_c27 centímetros
490 _aLeer es mi Cuento
_v53
500 _aIncluye índice
500 _aEdición Especial. Colección de actualización bibliográfica para la Red de Bibliotecas Públicas del Ministerio de Cultura, Plan Nacional de Lectura, escritura y oralidad. Leer es mi Cuento, 2023
520 _aLa grandeza social y cultural afrocolombiana es el resultado entre otras cosas, de su asombrosa capacidad para reunir en cada una de sus expresiones los más diversos matices de su cotidianidad, sus relatos y leyendas, la originalidad y el poder evocador de sus comunidades. En este libro se reúnen algunas de sus más reconocidas tradiciones orales para acompañar a los primeros lectores en sus textos de formación. Tomado de contracubierta del libro
650 1 4 _aCuentos colombianos
_2Lemb
650 1 4 _aRelatos colombianos
_2Lemb
650 1 4 _aFolclor y niños
_2Lemb
700 _aEspitia, Cinthya
_eilustradora
942 _2ddc
_cBK
_n0
999 _c59913
_d59913